000
00343 a2200157 4500
001
58268
020
_a
040
_c
Anchieta - Pituba
100
_a
Funk, Kátira Llieff
240
1
0
_a
Poesia; Conto; Crônica
_l
por
245
1
0
_a
Poesia; Conto; Crônica
300
_a
147
362
0
_a
1981
650
4
_a
Ficção brasileira
942
_c
BK
999
_c
58268
_d
58268